Κατάλογος Βιβλιοθηκών Mediterranean College

Διαπολιτισμική Εκπαίδευση στο Ελληνικό Σχολείο / Πολυτισμικότητα και Διαπολιτισμική Εκπαίδευση - Η Διαπολιτισμική Διάσταση του Ολοήμερου Σχολείου - Διαπολιτισμικός Διάλογος και Διαπολιτισμική Επικοινωνία - Ο Διαπολιτισμικός Ρόλος του Εκπαιδευτικού (Record no. 6358)

MARC details
000 -LEADER
fixed length control field 03232cam a22001934a 4500
005 - ΗΜΕΡΟΜΗΝΙΑ ΚΑΙ ΩΡΑ ΤΕΛΕΥΤΑΙΑΣ ΕΝΗΜΕΡΩΣΗΣ
Πεδίο ελέγχου 20250605164240.0
008 - FIXED-LENGTH DATA ELEMENTS--GENERAL INFORMATION
Πεδίο ελέγχου σταθερού μήκους 250528s ||||||||||||||||||||||||d
035 ## - SYSTEM CONTROL NUMBER
System control number 21293
020 ## - ISBN
ISBN 9789606748912
040 ## - ΠΗΓΗ ΚΑΤΑΛΟΓΟΓΡΑΦΗΣΗΣ
Φορέας πρωτότυπης καταλογογράφησης MC Athens Campus Library
Γλώσσα καταλογογράφησης Ελληνικά, Μοντέρνα (1453-)
Modifying agency MC Athens Campus Library
Κανόνες περιγραφικής καταλογογράφησης AACR2
245 1# - ΤΙΤΛΟΣ ΚΑΙ ΔΗΛΩΣΗ ΥΠΕΥΘΥΝΟΤΗΤΑΣ
Τίτλος Διαπολιτισμική Εκπαίδευση στο Ελληνικό Σχολείο / Πολυτισμικότητα και Διαπολιτισμική Εκπαίδευση - Η Διαπολιτισμική Διάσταση του Ολοήμερου Σχολείου - Διαπολιτισμικός Διάλογος και Διαπολιτισμική Επικοινωνία - Ο Διαπολιτισμικός Ρόλος του Εκπαιδευτικού
260 ## - PUBLICATION, DISTRIBUTION, ETC.
Name of publisher, distributor, etc. Ταξιδευτής,
Date of publication, distribution, etc. 2011
300 ## - PHYSICAL DESCRIPTION
Extent 240
520 ## - SUMMARY, ETC.
Summary, etc. Στο παρόν βιβλίο η Διαπολιτισμική Εκπαίδευση γίνεται αντιληπτή ως μια αρχή που πρέπει να διαπερνά το σύνολο του σχολικού προγράμματος, αλλά και ως στόχος για δράση προς την κατεύθυνση της ισότητας των ευκαιριών στην εκπαίδευση και την κοινωνία. Εισαγωγή, Διαπολιτσμική Αγωγή και Εκπαίδευση (Εννοιολογικές Αποσαφηνίσεις), Μετανάστευση - Πολυπολιτισμικότητα και Διαπολιτισμική Εκπαίδευση, Διαπολιτσμική Αγωγή και Γλωσσική Στήριξη των Παλιννοστούντων και Αλλοδαπών Μαθητών στο Ελληνικό Σχολείο, Διαπολιτσμική Συμβουλευτική και Φύλο - Ανιχνεύοντας Πτυχές της/ του Διαπολιτισμικού Συμβούλου, Διαπολιτσμική Συμβουλευτική Διαδικασία και Εκπαιδευτικός, Ο Διαπολιτισμικός Διάλογος: Μια Εναλλακτική Πρόταση με Βάση τον Εποικοδομισμό (Κονστρουκτιβισμός), Διαπολιτισμική Εκπαίδευση και Τοπική Αυτοδιοίκηση, Ο Ρόλος του Σχολικού Συμβούλου στις Διαπολιτισμικές Παρεμβάσεις στο Χώρο του Βιβλίου, Διδακτικές Προσεγγίσεις για την Ενίσχυση της Διαπολιτισμικής Επικοινωνίας στο Σχολείο, Φύλο και Διαπολιτισμικότητα στο Ολοήμερο Δημοτικό Σχολείο, Η Διαπολιτισμικότητα Αφορά το Ολοήμερο Σχολείο: Οι Απόψεις των Εκπαιδευτικών της Πρωτοβάθμιας Εκπαίδευσης, Προτάσεις για τη Διαμόρφωση της Εκπαιδευτικής Πολιτικής για τη Διαπολιτισμική Αγωγή στην Ελλάδα, Βιβλιογραφία.
700 1# - ΠΡΟΣΘΕΤΗ ΑΝΑΓΡΑΦΗ--ΦΥΣΙΚΟ ΠΡΟΣΩΠΟ
Personal name Παπαχρήστος Κώστας
9 (RLIN) 7339
942 ## - ADDED ENTRY ELEMENTS (KOHA)
Koha item type Books
Holdings
Τύπος τεκμηρίου Βιβλιοθήκη Τρέχουσα τοποθεσία Barcode Αριθμός εισαγωγής Ημερομηνία απόκτησης Ταξιθετικό σύμβολο Αριθμός αντιτύπου Κατάσταση απόσυρσης Κατάσταση χαμένου Κατάσταση κατεστραμμένου Μη δανεισμός Σύνολο δανεισμών Ημερομηνία τελευταίας εμφάνισης Η τιμή ισχύει από
Books MC Athens Campus Library MC Athens Campus Library 9780000063571 5387 05/06/2025 370.117 PAP 1           05/06/2025 05/06/2025

MC Athens Campus Library
Πατησίων 94 & Κοδριγκτώνος 13, 104 34
Πελλήνης 8 & Πατησίων 107, 112 51
Τ: +30 210 8899600

MC Thessaloniki Campus Library
Ίωνος Δραγούμη 21, 54625 | Ίωνος Δραγούμη 15, 54625
Τ: +30 2310 287779 – Τ: +30 2314 440300